Englische idiomatische Redewendungen /

Salvato in:
Dettagli Bibliografici
Autore principale: Hackenberg, Kurt (Autore)
Natura: Libro
Lingua:tedesco
Pubblicazione: Leipzig : VEB Verlag Enzyklopädie, 1965
Tags: Aggiungi Tag
Nessun Tag, puoi essere il primo ad aggiungerne!!

MARC

LEADER 00000nam a22000003a 4500
001 stu266
005 20150617225621.6
008 910502s1965----gw------------------ger-d
040 |a STU  |b slo 
041 0 |a ger 
044 |a gw 
080 |a 802.0-318=30 
100 1 |a Hackenberg, Kurt  |4 aut 
245 1 |a Englische idiomatische Redewendungen /  |c [aut.] Hackenberg,Kurt 
260 |a Leipzig :  |b VEB Verlag Enzyklopädie,  |c 1965 
300 |a 210 s 
996 |b E74344  |c E*74344  |l EE18  |s P  |a 0  |w stu266_0001